ARRUPE JESUIT UNIVERSITY

CORONAVIRUS -STOP THE SPREAD - CLEAN,DISINFECT,COVER
Normal view MARC view

Entry Meeting Name

Number of records used in: 1

001 - CONTROL NUMBER

  • control field: 41679

003 - CONTROL NUMBER IDENTIFIER

  • control field: ARRUPE

005 - DATE AND TIME OF LATEST TRANSACTION

  • control field: 20180510125035.0

008 - FIXED-LENGTH DATA ELEMENTS

  • fixed length control field: 180510|| aca||aabn | a|a d

040 ## - CATALOGING SOURCE

  • Original cataloging agency: ARRUPE
  • Transcribing agency: ARRUPE

111 ## - HEADING--MEETING NAME

  • Meeting name or jurisdiction name as entry element: Penser et écrire l'Afrique aujourd'hui (Conference)
  • Date of meeting: (2016 :
  • Location of meeting: College de France)

670 ## - SOURCE DATA FOUND

  • Source citation: Work cat.: (ARRUPE)0: Penser et écrire l'Afrique aujourd'hui (Conference) (2016 : College de France), Penser et écrire l'Afrique aujourd'hui /, 2017

 

Arrupe Library. PO Box MP320 Mt Pleasant, Harare, Zimbabwe
263 242 745411|librarian@aju.ac.zw